1345 1109 1380 1785 1608 1933 1110 1285 1969 1375 1966 1187 1184 1052 1127 1884 1551 1287 1945 1759 1200 1078 1512 1061 1261 1944 1187 1481 1059 1600 1255 1659 1477 1737 1019 1975 1187 1531 1417 1179 1028 1906 1255 1587 1921 1501 1671 1981 1107 1569 1212 1347 1597 1098 1469 1692 1401 1713 1984 1971 1486 1078 1631 1304 1776 1865 1416 1388 1089 1026 1764 1056 1316 1821 1068 1203 1262 1711 1341 1632 1888 1105 1709 1317 1980 1356 1062 1908 1181 1678 1519 1804 1163 1675 1530 1621 1803 1722 1219 BCNSPRNW ULIB Ver.6.0+V

เปลี่ยนเป็นภาษาไทย

Change to English
 แสดงรายละเอียดบรรณานุกรม
  กลับหน้าหลัก

Brief Record : Get Marc (ISO 2709) : E-mail record : QR code < ปิดหน้าต่าง
LEADER : 00000nam 2200000uu 4500
001    13399123120
003     ULIB
008    140225s2557||||th 000 0 tha d
020    9786167322964
060  0 WZ40^bช625ป
100 0  ชุมนุม พรหมขัติแก้ว และ สุภินดา ศิริลักษณ์
245 00 ประวัติความคิดทางการแพทย์= A History of medical thought ^cชุมนุม พรหมขัติแก้ว และ สุภินดา ศิริลักษณ์
246 0  A History of medical thought
260    พิษณุโลก:^bภาควิชาเวชศาสตร์ชุมชน คณะแพทยศาสตร์ มหาวิทยาลัยนเรศวร,^c2557
300    98 หน้า
650  0 การแพทย์^xประวัติศาสตร์
945    ^p0^l0^i034389
999    ^aเกษร โพธิ์สุวรรณ
รายการนี้ยังไม่มีแท็ก
คุณยังไม่ได้ล็อกอิน คุณสามารถมีกิจกรรมร่วมกับเว็บไซต์ได้ แต่ต้องล็อกอินก่อน ::
  ล็อกอิน

รายการสื่อสารสนเทศ

ลำดับที่ ประเภท เลขเรียก/บาร์โค้ด สถานที่ สถานะ
1. วิทยาศาสตร์การแพทย์ และสุขภาพ
หนังสือสำรอง
สถานะ=หนังสือสำรอง
WZ40 ช625ป  
  Barcode: 034389
ห้องสมุดวิทยาเขตสวรรค์ประชารักษ์
►หนังสือทั่วไป
บนชั้น

BibComment


ยังไม่เคยถูกคอมเมนท์

คอมเมนท์ทรัพยากรรายการนี้
  คอมเมนท์: ประวัติความคิดทาง..


 Copyright 2026. Bcnsprnw @Library